| 000 | 00592nam a22002297a 4500 | ||
|---|---|---|---|
| 003 | OSt | ||
| 005 | 20220107122832.0 | ||
| 008 | 170805b xxu||||| |||| 00| 0 eng d | ||
| 020 | _a9781316638491 | ||
| 040 | _cIIITMK | ||
| 082 | _a006.312 LES/M | ||
| 100 |
_aLeskovec, Jure _912664 |
||
| 245 | _aMining of massive datasets | ||
| 250 | _a2 | ||
| 260 |
_aNew Delhi, _bWiley India, _c2014. |
||
| 300 | _axi, 467p. | ||
| 650 |
_aCOMPUTER SCIENCE _912665 |
||
| 650 |
_aDATA MINING _912666 |
||
| 700 |
_a Rajaraman, Anand _912667 |
||
| 700 |
_a Ullman, Jeffrey D. _912668 |
||
| 942 |
_2ddc _cBK |
||
| 999 |
_c5800 _d5800 |
||